Estudios de comunicación en América Latina y Chile : acerca de causas y azares.

Bibliographic Details
Main Author: Santa Cruz A., Eduardo
Format: Libro
Language:English
Published: Santiago, Chile Universidad ARCIS 1997
Edition:1a.ed.
Series:Documento de trabajo 23
Subjects:

MARC

LEADER 00000cam a2200000 a 4500
001 003825
003 UAHC_CL
005 20170803115958.0
008 010822b xx j 000 1 eng
040 |a UAHC_CL  |c UAHC_CL  |d UAHC_CL 
082 0 4 |a 302.2 S231E 
100 1 |a Santa Cruz A., Eduardo 
245 1 0 |a Estudios de comunicación en América Latina y Chile :  |b acerca de causas y azares. 
250 |a 1a.ed. 
260 |b Universidad ARCIS  |c 1997  |a Santiago, Chile 
300 |a 44 p. 
490 0 |a Documento de trabajo  |v 23 
650 4 |a COMUNICACION SOCIAL 
900 |a 302.2 SAN 
942 |c BK 
952 |0 0  |1 0  |4 0  |6 302_200000000000000_SAN  |7 0  |8 General  |9 8543  |a BC  |b BC  |c General  |d 2017-08-03  |l 0  |o 302.2 SAN  |p 1301548  |r 2026-01-07 00:00:00  |t 1  |w 2017-08-03  |y BK 
952 |0 0  |1 0  |4 0  |6 302_200000000000000_SAN  |7 0  |8 General  |9 8544  |a BC  |b BC  |c General  |d 2017-08-03  |l 0  |o 302.2 SAN  |p 1301551  |r 2026-01-07 00:00:00  |t 2  |w 2017-08-03  |y BK 
952 |0 0  |1 0  |4 0  |6 302_200000000000000_SAN  |7 0  |8 General  |9 8545  |a BC  |b BC  |c General  |d 2017-08-03  |l 0  |o 302.2 SAN  |p 1301547  |r 2026-01-07 00:00:00  |t 3  |w 2017-08-03  |y BK 
999 |c 3825  |d 3825